000 00618nam a2200229Ia 4500
003 OSt
005 20220928151235.0
006 a|||||r|||| 00| 0
007 ta
008 220927b |||||||| |||| 00| 0 eng d
024 _a121871
037 _cTextual
040 _aSDCL
_cSDCL
_beng
041 _2eng
_aeng
082 _aB2N6p1,N80, M1
100 _aFriedlander E M Ed.
_9516540
245 0 _aAlgebrac k-theory
_b Evanston 1980.
260 _c1981
700 _a Stein M R Ed.
_9516541
942 _hB2N6p1,N80, M1
_cTEXL
_2CC
999 _c850378
_d850378